01573nam a2200157 i 4500001000700000003000900007005001700016008004100033100003800074245016000112260006800272300001900340505094700359650004801306852006101354166327ES-MaACL20250929063245.0000217s1772 it |||| | ita d1 aTiraboschi, Girolamo, d1731-179410aStoria della letteratura italiana / cdi Girolamo Tiraboschi della Compagnia di Gesù bibliotecario del serenissimo Duca di Modena ; Tomo primo [-decimo]. aIn Modena : bpresso la Societá Tipografica ..., c1772-1782. a13 v. ; c4º.8 aContiene: 1: Tomo primo, che comprende la storia della letteratura degli Etruschi, de' popoli della Magna Grecia, e dell'antica Sicilia, e de' Romani fino alla morte d'Augusto -- · 2: Dalla morte di Augusto sino alla caduta dell'Impero occidentale -- 3: Dalla rovina dell'Impero occidentale fino all'anno 1183 -- · 4: Dall'anno 1183. fino all'anno 1300 -- · 5: Dall'anno 1300. fino all'anno 1400 -- · T. 5.: Dall'anno 1300 fino all'anno 1400 -- · 6.1: Dall'anno 1400. fino all'anno 1500. Parte prima -- · 6.2: Dall'anno 1400. fino all'anno 1500. Parte seconda -- · 7.1: Dall'anno 1500. all'anno 1600. Parte prima -- · 7.2: Dall'anno 1500. all'anno 1600. Parte seconda -- · 7.3: Dall'anno 1500. all'anno 1600. Parte terza -- · 8: Dall'anno 1600. all'anno 1700 -- · 9: Tomo 9. Che contiene le aggiunte, e le correzioni -- · 10: Tomo 10. Che contiene l'indice generale di tutta l'opera, con alcune altre iunte e correzioni -- 4aLiteratura italiana-xHistoria y crítica. aES-MaACLjR-787-99 z- Enc. hol. x- Olim: G-5250-62